000 01046cam a22002893a 4500
001 20263
003 PGUSA
005 20140828083429.0
008 070104s2007||||xxu|||||s|||||000 | eng d
040 _aPGUSA
_beng
042 _adc
050 4 _aPR
100 1 _aBoswell, James,
_d1740-1795
245 1 0 _aBoswell's Correspondence with the Honourable Andrew Erskine, and His Journal of a Tour to Corsica
_h[electronic resource] /
_cJames Boswell
260 _bProject Gutenberg,
_c2007
506 _aPublic domain in the USA.
516 _aElectronic text
653 _aBoswell, James, 1740-1795 -- Correspondence
653 _aBoswell, James, 1740-1795 -- Travel -- France -- Corsica
653 _aAuthors, Scottish -- 18th century -- Correspondence
653 _aBiographers -- Great Britain -- Correspondence
653 _aCorsica (France) -- Description and travel
700 1 _aHill, George Birkbeck Norman,
_d1835-1903
830 0 _aProject Gutenberg
_v20263
856 4 0 _uhttp://www.gutenberg.org/ebooks/20263
942 _cEB
999 _c249518
_d249518